LIBRARY & INFORMATION CENTRE, KCAET, TAVANUR

ONLINE PUBLIC ACCESS CATALOGUE (OPAC)

Code of practice for drainage system for earth and rockfill dams,IS:9429-1980 (Record no. 4671)

MARC details
000 -LEADER
fixed length control field 00964cam a2200181ua 4500
041 ## - LANGUAGE CODE
Language code of text/sound track or separate title eng
082 ## - DEWEY DECIMAL CLASSIFICATION NUMBER
Classification number 627.824
Item number IND/CO
245 ## - TITLE STATEMENT
Title Code of practice for drainage system for earth and rockfill dams,IS:9429-1980
250 ## - EDITION STATEMENT
Edition statement 1 /
260 ## - PUBLICATION, DISTRIBUTION, ETC. (IMPRINT)
Place of publication New Delhi :
Name of publisher Indian standards institution ,
Year of publication 1980.
300 ## - PHYSICAL DESCRIPTION
Number of Pages 14 ; .
942 ## - ADDED ENTRY ELEMENTS (KOHA)
Koha item type Books
Holdings
Withdrawn status Lost status Damaged status Home library Current library Date acquired Full call number Accession Number Koha item type
      KAUAET   07/04/2012 627.824 17278 Books
free website counter